Eastern Utah Libraries Catalog: Duchesne, Heber, Roosevelt, & Vernal

Boardwalk empire. The complete fourth season / (Record no. 287274)

MARC details
000 -LEADER
fixed length control field 04331cgm a2200805Ii 4500
001 - CONTROL NUMBER
control field ocn886548037
003 - CONTROL NUMBER IDENTIFIER
control field OCoLC
005 - DATE AND TIME OF LATEST TRANSACTION
control field 20251222124519.0
007 - PHYSICAL DESCRIPTION FIXED FIELD--GENERAL INFORMATION
fixed length control field vd cvaizs
008 - FIXED-LENGTH DATA ELEMENTS--GENERAL INFORMATION
fixed length control field 140812p20142013cau720 vleng d
020 ## - INTERNATIONAL STANDARD BOOK NUMBER
Terms of availability $59.99
020 ## - INTERNATIONAL STANDARD BOOK NUMBER
International Standard Book Number 9786315542466
020 ## - INTERNATIONAL STANDARD BOOK NUMBER
International Standard Book Number 6315542468
020 ## - INTERNATIONAL STANDARD BOOK NUMBER
Terms of availability 29.95
024 10 - OTHER STANDARD IDENTIFIER
Standard number or code 883929391615
Terms of availability (set)
024 7# - OTHER STANDARD IDENTIFIER
Standard number or code 00883929391615
Source of number or code gtin-14
028 41 - PUBLISHER NUMBER
Publisher number 4000045732
029 1# - (OCLC)
OCLC library identifier AU@
System control number 000054119491
035 ## - SYSTEM CONTROL NUMBER
System control number (OCoLC)886548037
Canceled/invalid control number (OCoLC)882927268
-- (OCoLC)889899885
037 ## - SOURCE OF ACQUISITION
Stock number 11068916
040 ## - CATALOGING SOURCE
Original cataloging agency MDK
Language of cataloging eng
Description conventions rda
Transcribing agency MDK
Modifying agency MDK
-- IK2
-- OCLCO
-- OCP
-- JP3
-- AZT
-- UVV
-- B@L
-- MNSEL
-- CKE
-- DLM
-- WACOL
041 1# - LANGUAGE CODE
Language code of text/sound track or separate title eng
-- fre
-- spa
049 ## - LOCAL HOLDINGS (OCLC)
Holding library WACL
050 #4 - LIBRARY OF CONGRESS CALL NUMBER
Classification number PN1992.77
Item number .B63 2013
082 #4 - DEWEY DECIMAL CLASSIFICATION NUMBER
Classification number B662s4 2014
092 ## - LOCALLY ASSIGNED DEWEY CALL NUMBER (OCLC)
Classification number DVD
Item number Boa
245 00 - TITLE STATEMENT
Title Boardwalk empire. The complete fourth season /
246 3# - VARYING FORM OF TITLE
Title proper/short title Boardwalk empire.
Number of part/section of a work Season 4
264 #1 - Production, Publication, Distribution, Manufacture, and Copyright Notice.
Place of production, publication, distribution, manufacture [Place of publication not identified] :
Name of producer, publisher, distributor, manufacturer Home Box Office, Inc.,
Date of production, publication, distribution, manufacture, or copyr [2014]
264 #2 - Production, Publication, Distribution, Manufacture, and Copyright Notice.
Place of production, publication, distribution, manufacture Burbank, CA :
Name of producer, publisher, distributor, manufacturer Warner Home Video, HBO Entertainment presents ; executive producers, Howard Korder [and 9 others] ; created by Terence Winter.
Date of production, publication, distribution, manufacture, or copyr 2014
300 ## - PHYSICAL DESCRIPTION
Extent 4 videodiscs (approximately 720 min.) :
Other physical details sound, color ;
Dimensions 4 3/4 in.
336 ## - Content Type
Content type term two-dimensional moving image
337 ## - Media type
Media type term video
338 ## - Carrier type
Carrier type term videodisc
500 ## - GENERAL NOTE
General note Special features: Becoming Richard Harrow; The Onyx Club: a step back in time.
500 ## - GENERAL NOTE
General note Originally broadcast on television as individual episodes during the 2013 season.
500 ## - GENERAL NOTE
General note Special features: Boardwalk chronicle; Scouting the Boardwalk; Season 3 revisited; Becoming Harrow; The Onyx Club: a step back in time; New characters; PaleyFest: made in NY Boardwalk empire panel; Audio commentaries.
500 ## - GENERAL NOTE
General note Originally broadcast in 2013.
505 00 - FORMATTED CONTENTS NOTE
Miscellaneous information disc 1.
Title New York Sour ;
-- Resignation ;
-- Acres of Diamonds --
Miscellaneous information disc 2.
Title All In ;
-- Erlkönig ;
-- The north star --
Miscellaneous information disc 3.
Title William Wilson ;
-- The Old Ship of Zion ;
-- Marriage and Hunting --
Miscellaneous information disc 4.
Title White Horse Pike ;
-- Havre de Grace ;
-- Farewell Daddy Blues.
508 ## - CREATION/PRODUCTION CREDITS NOTE
Creation/production credits note Costume designers, Lisa Padovani and John Dunn.
511 1# - PARTICIPANT OR PERFORMER NOTE
Participant or performer note Steve Buscemi, Kelly MacDonald, Michael Shannon, Whea Whigham, Michael Stuhlbarg, Stephen Graham, Vincent Piazza.
518 ## - DATE/TIME AND PLACE OF AN EVENT NOTE
Date/time and place of an event note Originally broadcast as single episodes of a television program in 2013-2014.
520 ## - SUMMARY, ETC.
Summary, etc Following his battle with Gyp Rosetti, Nucky makes a peace offering to Joe Masseria while working the odds with Arnold Rothstein. Nucky heads to Philadelphia to deal with the fallout from Willie's liquor fiasco. Eli braces for the worst as Agent Knox launches his plan to bring Nucky down. Capone and Torrio reach an agreement in Cicero.
521 8# - TARGET AUDIENCE NOTE
Target audience note Rating: TV-MA
-- CHV rating: 18A.
538 ## - SYSTEM DETAILS NOTE
System details note DVD, region 1, widescreen 16:9 presentation; Dolby Digital.
546 ## - LANGUAGE NOTE
Language note English, French or Spanish dialogue; Spanish, Thai, English, Portuguese, Chinese or French subtitles; closed-captioned.
650 #0 - SUBJECT ADDED ENTRY--TOPICAL TERM
Topical term or geographic name as entry element Gangsters
Geographic subdivision New Jersey
-- Atlantic City
Form subdivision Drama.
9 (RLIN) 5774587
650 #0 - SUBJECT ADDED ENTRY--TOPICAL TERM
Topical term or geographic name as entry element Racketeering
Geographic subdivision New Jersey
-- Atlantic City
Form subdivision Drama.
9 (RLIN) 5774588
650 #0 - SUBJECT ADDED ENTRY--TOPICAL TERM
Topical term or geographic name as entry element Criminals
Geographic subdivision New Jersey
-- Atlantic City
Form subdivision Drama.
9 (RLIN) 5774589
655 #7 - INDEX TERM--GENRE/FORM
Genre/form data or focus term Television crime shows.
Source of term lcgft
9 (RLIN) 5706353
655 #7 - INDEX TERM--GENRE/FORM
Genre/form data or focus term Fiction television programs.
Source of term lcgft
9 (RLIN) 5673656
655 #7 - INDEX TERM--GENRE/FORM
Genre/form data or focus term Television series.
Source of term lcgft
9 (RLIN) 5674288
655 #7 - INDEX TERM--GENRE/FORM
Genre/form data or focus term Video recordings for the hearing impaired.
Source of term lcgft
9 (RLIN) 5900661
655 #0 - INDEX TERM--GENRE/FORM
Genre/form data or focus term Drama.
9 (RLIN) 5673873
655 #7 - INDEX TERM--GENRE/FORM
Genre/form data or focus term Historical films.
Source of term gsafd
9 (RLIN) 5900662
700 1# - ADDED ENTRY--PERSONAL NAME
Personal name Winter, Terence,
Relator term television director.
9 (RLIN) 56704
700 1# - ADDED ENTRY--PERSONAL NAME
Personal name Buscemi, Steve,
Dates associated with a name 1958-
Relator term actor.
9 (RLIN) 62158
700 1# - ADDED ENTRY--PERSONAL NAME
Personal name MacDonald, Kelly,
Dates associated with a name 1976-
Relator term actor.
9 (RLIN) 66187
700 1# - ADDED ENTRY--PERSONAL NAME
Personal name Shannon, Michael,
Dates associated with a name 1974-
Relator term actor.
9 (RLIN) 72773
700 1# - ADDED ENTRY--PERSONAL NAME
Personal name Whigham, Shea,
Dates associated with a name 1969-
Relator term actor.
9 (RLIN) 74347
700 1# - ADDED ENTRY--PERSONAL NAME
Personal name Stuhlbarg, Michael,
Relator term actor.
9 (RLIN) 5885645
700 1# - ADDED ENTRY--PERSONAL NAME
Personal name Graham, Stephen,
Dates associated with a name 1973-
Relator term actor.
9 (RLIN) 5870964
700 1# - ADDED ENTRY--PERSONAL NAME
Personal name Dunn, John
Fuller form of name (John A.),
Relator term costume designer.
9 (RLIN) 5900663
700 1# - ADDED ENTRY--PERSONAL NAME
Personal name Padovani, Lisa.
Relator term costume designer.
9 (RLIN) 5900664
710 2# - ADDED ENTRY--CORPORATE NAME
Corporate name or jurisdiction name as entry element HBO Entertainment (Firm),
Relator term presenter.
9 (RLIN) 5731966
710 2# - ADDED ENTRY--CORPORATE NAME
Corporate name or jurisdiction name as entry element Warner Home Video (Firm),
Relator term film distributor.
9 (RLIN) 61103
730 0# - ADDED ENTRY--UNIFORM TITLE
Uniform title Boardwalk empire (Television program).
Number of part/section of a work Season 4.
9 (RLIN) 5900665
942 ## - ADDED ENTRY ELEMENTS (KOHA)
Koha item type DVD
Source of classification or shelving scheme Dewey Decimal Classification
948 ## - LOCAL PROCESSING INFORMATION (OCLC); SERIES PART DESIGNATOR (RLIN)
Series part designator, SPT (RLIN) 08/03/2015
z (OCLC) Sirsi
Holdings
Withdrawn status Lost status Source of classification or shelving scheme Materials specified (bound volume or other part) Damaged status Not for loan Collection code Home library Current library Shelving location Date acquired Source of acquisition Cost, normal purchase price Total Checkouts Total Renewals Full call number Barcode Date last seen Date checked out Cost, replacement price Price effective from Koha item type
    Dewey Decimal Classification .CIRCNOTE. 4 discs     Television Series Wasatch County Library Wasatch County Library Audio Visual Area 08/03/2015 Amazon 25.95 23 5 TV Series Boardwalk Empire #4 34301001436403 11/07/2025 11/01/2025 25.95 03/20/2020 DVD Series
This project was made possible through a grant from the Institute of Museum and Library Service administered by the Utah State Library Division.

Wasatch County Library

  • 465 East 1200 South, Heber City, Utah 84032
  • Phone 435-654-1511 | Fax 435-654-6456

Hours

  • Monday - Friday 9:30 AM - 8:00 PM
  • Saturday 9:30 AM - 1:30 PM
  • Closed Sundays and Holidays